000 00441nam a22001817a 4500
999 _c159549
_d159549
003 dpl
005 20181222130523.0
008 181222b ||||| |||| 00| 0 eng d
020 _a817108303X
_c25.00
035 _aA-827380
040 _aDPL
_bEN
_c0
082 _aS
100 _aDrago, C
245 _aA Friendly Boy
_cC. Drago
260 _aBombay
_bBetter yourself books.
_c1995
300 _a127p:
_c12cm
942 _2ddc
_cCH
_hS
_mDRA